000 00295nam a2200121Ia 4500
008 190216s9999||||xx |||||||||||||| ||und||
100 _aJeyanthi Manokaran
245 0 _aI Like The World
260 _bNational Book Trust India
_c1967
300 _a10p
650 _aEnglish General
942 _cBK
999 _c13100
_d13100